000 00768nam a22001937a 4500
003 OSt
005 20251118110108.0
008 251118b |||||||| |||| 00| 0 eng d
040 _aDWC-Main Lib
_cOC
082 _aFil. 343.59905 R457 2005
100 _aReyes, V.
245 _aPhilippine transfer and business taxes :
_bpriniciples, laws and problems
_cReyes, Virgilio D.
260 _aPhilippines :
_bVirgilio D. Reyes,
_cc2005
300 _axii, 356 pages :
_c22 cm.
650 _2Inheritance and transfer tax--law and legislations-Philippines
650 _2Taxation--law & legislation-- Philippines
650 _2Value--added tax--law and legislations-Philippines
942 _2ddc
_cBK - FIL
_hFil. 343.59905 R457 2005
_kFil.
_n0
999 _c5768
_d5768